La tregua /

Guardado en:
Autor Principal: Benedeti, Mario
Formato: Libro
Publicado: Buenos Aires : Tinta Fresca, 2006.
Materias:
Etiquetas: Agregar Etiqueta
Sin Etiquetas, Sea el primero en etiquetar este registro!
LEADER 00582nam a22002055a 4500
001 CEM.cems017436
005 20191023162133.0
008 130507s2006##################000#0#####d
003 CEMS
020 |a 9875761001 
082 0 4 |a U863.4 
100 1 |a Benedeti, Mario 
245 1 0 |a La tregua /  |c Mario Benedetti. 
260 |a Buenos Aires :  |b Tinta Fresca,  |c 2006. 
300 |a 118 p. 
500 |a Acompaña el libro de Lengua y Literatura 2. 
653 |a Literatura 
653 |a Literatura uruguaya 
653 |a Narrativa 
859 |a CEMS  |b BIB. CEMS - Agricultura  |h U863.4  |i B434  |p A0713.08  |t Ej.1